| 000 | 00711nam a2200277 a 4500 | ||
|---|---|---|---|
| 001 | nice12345678 | ||
| 003 | IN_TiNIC | ||
| 005 | 20260116012245.0 | ||
| 008 | 050524s1989 lona grp 000 0 eng | ||
| 020 |
_a0334307 _c1287 |
||
| 082 | 0 | 0 |
_a292.42 _bARM |
| 100 | _aArmstrong, A H | ||
| 245 |
_aClassical Mediterranean Spirituality _b Egyptian, Greek, Roman |
||
| 260 |
_aLondon _bScm Press _c1989 |
||
| 300 | _a517p | ||
| 500 | _aincludes index and biblioraphy | ||
| 505 | 2 | _aindex | |
| 650 | _aReligion-Egyptian | ||
| 650 | _aReligion-Greek | ||
| 650 | _aSpirituality-Greek | ||
| 650 | _aReligion-Roman | ||
| 700 | 1 | _aArmstrong, A H | |
| 902 | _bSRS | ||
| 942 | _cBK | ||
| 999 |
_c6268 _d6268 |
||